Famous European Peace Treaties - Statistics

General Stats
  • This quiz has been taken 85 times
  • The average score is 6 of 14
Answer Stats
Year War Name of Treaty % Correct
1919 First World War (Germany) Versailles
87%
1763 Seven Years War Paris
82%
1783 American Revolution Paris
82%
1713 War of Spanish Succession Utrecht
55%
1648 Thirty Years War Westphalia
55%
1920 First World War (Hungary) Trianon
37%
1918 First World War (Russia) Brest-Litovsk
36%
1738 War of Polish Succession Vienna
34%
1814 1812-1814 War Ghent
33%
1920 First World War (Ottoman Empire) Sèvres
27%
1919 First World War (Austria) Saint-Germain-in-Laye
19%
1919 First World War (Bulgaria) Neuilly
16%
1668 War of Devolution Aix la Chapelle
15%
1871 Franco-Prussian War Frankfurt
12%
No matching quizzes found
Score Distribution
Percent of People with Each Score
Percentile by Number Answered
Your Score History
You have not taken this quiz